|
|
|
|
| LEADER |
00000nam0a2200000 4500 |
| 001 |
102530 |
| 005 |
20231031113033.0 |
| 035 |
|
|
|a (RuTPU)RU\TPU\book\110552
|
| 090 |
|
|
|a 102530
|
| 100 |
|
|
|a 20060927d1966 m y0rusy50 ca
|
| 101 |
0 |
|
|a rus
|
| 102 |
|
|
|a RU
|
| 105 |
|
|
|a a z 001zy
|
| 200 |
1 |
|
|a Современная физика - строителям
|f Н. Н. Долгополов
|
| 210 |
|
|
|a Москва
|c Стройиздат
|d 1966
|
| 215 |
|
|
|a 218 с.
|c ил.
|
| 225 |
1 |
|
|a Научно-популярная серия
|
| 320 |
|
|
|a Библиогр.: с. 214-216.
|
| 610 |
1 |
|
|a строительство
|
| 610 |
1 |
|
|a строительная физика
|
| 610 |
1 |
|
|a дефектоскопия
|
| 610 |
1 |
|
|a высокочастотный нагрев
|
| 610 |
1 |
|
|a инфракрасные лучи
|
| 610 |
1 |
|
|a ультразвук
|
| 610 |
1 |
|
|a электронно-ионная технология
|
| 675 |
|
|
|a 69:53
|v 3
|
| 700 |
|
1 |
|a Долгополов
|b Н. Н.
|g Нифонт Николаевич
|
| 801 |
|
1 |
|a RU
|b 63413507
|c 20060927
|g PSBO
|
| 801 |
|
2 |
|a RU
|b 63413507
|c 20070226
|g PSBO
|
| 942 |
|
|
|c BK
|